00437nam a2200181Ia 4500008004100000020001400041050001400055100001700069245002500086245004500111260001500156260001600171260000900187300001400196300002700210300001000237500000800247170918s9999 xx 000 0 und d a590479407 bH681 1989 aHoban, Julia aAmy loves the show / cJulia Hoban ; pictures by Lillian Hoban. aNew York : bScholastic, c1989 aunpaged : bcolored illustration ; c15cm. a390